Direito constitucional econômico : (Record no. 390)

MARC details
000 -LÍDER
Campo Fixo de Controle 00931nam a2200253 a 4500
001 - NÚMERO DE CONTROLE
Campo de Controle 390
003 - IDENTIFICAÇÃO DO NÚMERO DE CONTROLE
Campo de Controle BR-CuiBMT
005 - DATA E HORA DA ÚLTIMA ATUALIZAÇÃO
Campo de Controle 20231122025916.0
008 - DADOS FIXOS
Dados Fixos 231103s2014 mgb 000 0 por d
020 ## - INTERNATIONAL STANDARD BOOK NUMBER
Nº do ISBN 9788577009237
040 ## - AGÊNCIA CATALOGADORA
Código da Agência Catalogadora BR-CuiBMT
Agência que transcreveu o registro BR-CuiBMT
080 ## - Nº DA CLASSIFICAÇÃO DECIMAL UNIVERSAL
Nº edição CDU 2007
Nº Class. CDU 342:35.072.2
090 ## - NÚMERO DE CHAMADA
Nº classificação 342:35.072.2
Cutter M539d
100 1# - ENTRADA PRINCIPAL -- AUTOR PESSOAL
Nome pessoal Mendonça, José Vicente Santos de
245 10 - TÍTULO PRINCIPAL
Título principal Direito constitucional econômico :
Subtítulo a intervenção do Estado na economia à luz da razão pública e do pragmatismo /
Indicação de responsabilidade José Vicente Santos de Mendonça ; prefácio Daniel Sarmento.
260 ## - PUBLICAÇÃO, DISTRIBUIÇÃO, ETC.
Local de publicação Belo Horizonte :
Editora Fórum,
Data c2014.
300 ## - DESCRIÇÃO FÍSICA
N. páginas ou volumes 490 p. ;
Dimensões 21 cm
504 ## - NOTA DE BIBLIOGRAFIA, ETC.
Nota de bibliografia Inclui bibliografia.
650 ## - ASSUNTO TÓPICO
Cabeçalho tópico ou nome geográfico Economia
Subdivisão geral Intervenção (Governo federal)
Subdivisão geográfica Brasil
650 ## - ASSUNTO TÓPICO
Cabeçalho tópico ou nome geográfico Direito econômico
Subdivisão geral Aspectos constitucionais
Subdivisão geográfica Brasil
650 ## - ASSUNTO TÓPICO
Cabeçalho tópico ou nome geográfico Regulação estatal
Subdivisão geográfica Brasil
650 ## - ASSUNTO TÓPICO
Cabeçalho tópico ou nome geográfico Direito constitucional
Subdivisão geográfica Brasil
942 ## - ELEMENTOS DE ENTRADA ADICIONAIS (KOHA)
Fonte de classificação ou esquema de arquivamento Classificação Decimal Universal
Tipo de item do Koha Livros
Holdings
Estado: removido Estado: perdido Fonte de classificação ou esquema de arquivamento Estado: danificado Indisponível para empréstimo Localização permanente Localização atual Data de aquisição Total Checkouts Número de Chamada completo Código de barras Date last seen Número do exemplar Preço efetivo a partir de Tipo de item (Koha)
    Classificação Decimal Universal     Biblioteca da Escola Superior de Contas do TCE/MT Biblioteca da Escola Superior de Contas do TCE/MT 31/07/2019   342:35.072.2 M539d BIBTCEMT23110105 03/11/2023 Ex. 1 03/11/2023 Livros
    Classificação Decimal Universal     Biblioteca da Escola Superior de Contas do TCE/MT Biblioteca da Escola Superior de Contas do TCE/MT 31/07/2019   342:35.072.2 M539d BIBTCEMT23110106 03/11/2023 Ex. 2 03/11/2023 Livros

Powered by Koha